| 000 | 00705nam a2200193 i 4500 | ||
|---|---|---|---|
| 001 | 47018 | ||
| 003 | ES-MaACL | ||
| 005 | 20230906161504.0 | ||
| 007 | t| | ||
| 008 | 030402s1962 sp ||||1| spa d | ||
| 245 | 0 | 0 |
_aContestaciones al programa de oposiciones libres a médicos titulares. _nI, _pMedicina / _cpor los doctores M. Moraza Ortega, D. Carrasco Pardal... [et al.]. |
| 260 |
_aSalamanca : _b[s.n.], _c1962 ( _fTall. Cervantes) |
||
| 300 |
_a339 p. ; _c25 cm. |
||
| 610 | 2 | 4 |
_aMédicos titulares. _9174616 |
| 650 | 4 |
_aMedicina- _xContestaciones para oposiciones. _914896 |
|
| 700 | 1 |
_aMoraza Ortega, Miguel. _983175 |
|
| 700 | 1 |
_aCarrasco Pardal, Darío. _9174620 |
|
| 852 | 4 |
_aES-MaACL _jP-380-Ter |
|
| 999 |
_c47018 _d47018 |
||